LIBRARY ONLINE CATALOGUE

Law I : (Record no. 1115)

MARC details
000 -LEADER
fixed length control field 00614cam a22001932 4500
001 - CONTROL NUMBER
control field 0000019761
005 - DATE AND TIME OF LATEST TRANSACTION
control field 20151021151135.0
008 - FIXED-LENGTH DATA ELEMENTS--GENERAL INFORMATION
fixed length control field 110207s xx 000 0 eng d
040 ## - CATALOGING SOURCE
Original cataloging agency KABU
Transcribing agency KABU
050 #0 - LIBRARY OF CONGRESS CALL NUMBER
Classification number KSK70
Item number .S77 2009
110 2# - MAIN ENTRY--CORPORATE NAME
Corporate name or jurisdiction name as entry element Strathmore University.
Subordinate unit Distance Learning Centre.
-- 0000150769
245 10 - TITLE STATEMENT
Title Law I :
Remainder of title Subject no. 2 revision kit.
260 ## - PUBLICATION, DISTRIBUTION, ETC. (IMPRINT)
Place of publication, distribution, etc. Nairobi :
Name of publisher, distributor, etc. S. U. P,
Date of publication, distribution, etc. 2009.
300 ## - PHYSICAL DESCRIPTION
Extent xvii, 147 p.
650 #0 - SUBJECT ADDED ENTRY--TOPICAL TERM
Topical term or geographic name as entry element Law
Geographic subdivision Kenya.
General subdivision Examinations, questions, etc.
-- 0000153412
852 1# - LOCATION
-- p980 KES
908 ## - PUT COMMAND PARAMETER (RLIN)
Put command parameter 110207
950 ## - LOCAL HOLDINGS (RLIN)
-- 1
Holdings
Withdrawn status Lost status Source of classification or shelving scheme Not for loan Home library Current library Date acquired Total Checkouts Full call number Barcode Date last seen Price effective from Koha item type
    Library of Congress Classification   Kabarak, Nakuru City Campus Kabarak, Nakuru City Campus 21/10/2015   KSK70 .S77 2009 c. 1 22419 21/10/2015 21/10/2015 General Collection